[Event "SVK-chT1W 1213"]
[Site "Slovakia"]
[Date "2013.01.12"]
[Round "5.3"]
[White "Valent, Ivan"]
[Black "Petran, Peter"]
[Result "0-1"]
[WhiteElo "2228"]
[BlackElo "2277"]
[PlyCount "62"]
[EventDate "2012.10.20"]
[EventType "team-tourn"]
[EventRounds "11"]
[EventCountry "SVK"]
[SourceTitle "EXT 2015"]
[Source "ChessBase"]
[SourceDate "2014.11.20"]
[SourceVersion "1"]
[SourceVersionDate "2014.11.20"]
[SourceQuality "1"]
[WhiteTeam "Bratislava Slovan III"]
[BlackTeam "Bratislava Slovan II"]
[WhiteTeamCountry "SVK"]
[BlackTeamCountry "SVK"]

1. e4 g6 2. d4 Bg7 3. Nf3 d6 4. Nc3 Nf6 5. Be2 0-0 6. 0-0 Bg4 7. Be3 Nc6 8. h3 Bxf3 9. Bxf3 Nd7 10. Ne2 e5 11. c3 Nb6 12. Qb3 exd4 13. cxd4 a5 14. a4 Nb4 15. Nc3 c6 16. Na2 Nxa2 17. Qxa2 d5 18. e5 f6 19. exf6 Bxf6 20. b3 Nc8 21. Qd2 Nd6 22. Rae1 Qb6 23. Qd3 Rae8 24. Bg4 Bg7 25. Kh1 Re4 26. f3 Ree8 27. Bf2 Qb4 28. Be6+ Kh8 29. Bg3 Re7 30. Re2 Ne8 31. Rfe1 Bf6 0-1

[Event "SVK-chT1W 1213"]
[Site "Slovakia"]
[Date "2012.10.20"]
[Round "1.3"]
[White "Valent, Ivan"]
[Black "Hanko, Pavol"]
[Result "0-1"]
[WhiteElo "2228"]
[BlackElo "2157"]
[PlyCount "80"]
[EventDate "2012.10.20"]
[EventType "team-tourn"]
[EventRounds "11"]
[EventCountry "SVK"]
[SourceTitle "EXT 2014"]
[Source "ChessBase"]
[SourceDate "2013.11.20"]
[SourceVersion "1"]
[SourceVersionDate "2013.11.20"]
[SourceQuality "1"]
[WhiteTeam "Bratislava Slovan III"]
[BlackTeam "Prievidza"]
[WhiteTeamCountry "SVK"]
[BlackTeamCountry "SVK"]

1. e4 c5 2. Nf3 e6 3. d3 Nc6 4. g3 g6 5. Bg2 Bg7 6. 0-0 Nge7 7. Nbd2 0-0 8. a3 d5 9. Re1 b5 10. e5 Qc7 11. Qe2 Nf5 12. c3 b4 13. axb4 cxb4 14. g4 Nfe7 15. c4 a5 16. b3 f5 17. gxf5 Nxf5 18. Bb2 Rd8 19. Nf1 dxc4 20. dxc4 Bb7 21. Ne3 Ncd4 22. Nxd4 Nxd4 23. Qg4 Nf5 24. Nxf5 gxf5 25. Qe2 Kh8 26. Bxb7 Qxb7 27. f3 Bh6 28. Bc1 Bxc1 29. Raxc1 a4 30. bxa4 Rxa4 31. c5 Qc6 32. Red1 Rg8+ 33. Kf2 b3 34. Rd6 Qe8 35. Rg1 Rxg1 36. Kxg1 Qg6+ 37. Kf2 Ra2 38. Rd2 Qh6 39. Rxa2 bxa2 40. Qa6 Qxh2+ 0-1

[Event "SVK-chT1W 0910"]
[Site "Slovakia"]
[Date "2010.01.17"]
[Round "7.3"]
[White "Valent, Ivan"]
[Black "Schwarz, Dusan"]
[Result "1/2-1/2"]
[WhiteElo "2245"]
[BlackElo "2294"]
[PlyCount "25"]
[EventDate "2009.10.17"]
[EventType "team"]
[EventRounds "11"]
[EventCountry "SVK"]
[SourceTitle "EXT 2011"]
[Source "ChessBase"]
[SourceDate "2010.11.26"]
[SourceVersion "1"]
[SourceVersionDate "2010.11.26"]
[SourceQuality "1"]
[WhiteTeam "Bratislava Slovan III"]
[BlackTeam "Bratislava Doprastav II"]
[WhiteTeamCountry "SVK"]
[BlackTeamCountry "SVK"]

1. e4 c5 2. Nf3 e6 3. d3 Nc6 4. g3 d5 5. Nbd2 Nf6 6. Bg2 Be7 7. 0-0 0-0 8. Re1 b6 9. e5 Ne8 10. h4 Bb7 11. Nf1 h6 12. N1h2 Qd7 13. Bh3 1/2-1/2

[Event "SVK-chT1W 0910"]
[Site "Slovakia"]
[Date "2009.11.14"]
[Round "3.5"]
[White "Pinter, Patrik"]
[Black "Valent, Ivan"]
[Result "0-1"]
[WhiteElo "2190"]
[BlackElo "2245"]
[PlyCount "100"]
[EventDate "2009.10.17"]
[EventType "team"]
[EventRounds "11"]
[EventCountry "SVK"]
[SourceTitle "EXT 2011"]
[Source "ChessBase"]
[SourceDate "2010.11.26"]
[SourceVersion "1"]
[SourceVersionDate "2010.11.26"]
[SourceQuality "1"]
[WhiteTeam "Nitra NSK II"]
[BlackTeam "Bratislava Slovan III"]
[WhiteTeamCountry "SVK"]
[BlackTeamCountry "SVK"]

1. e4 c5 2. Nf3 Nc6 3. Bb5 g6 4. Nc3 Bg7 5. 0-0 Nf6 6. d3 0-0 7. Bxc6 dxc6 8. h3 Ne8 9. Bf4 Nc7 10. Qd2 Re8 11. Rad1 Ne6 12. Bh6 Bh8 13. Nh2 c4 14. Kh1 cxd3 15. cxd3 Nd4 16. f4 e5 17. Nf3 exf4 18. Qxf4 Be6 19. Ng5 f6 20. Nxe6 Rxe6 21. Qf2 Qd7 22. Be3 Rd8 23. g4 Bg7 24. Ne2 Nxe2 25. Qxe2 b6 26. Kg2 Rde8 27. Qc2 Re5 28. Bf4 R5e6 29. Qb3 Kh8 30. Bg3 h6 31. Rf3 R8e7 32. Rdf1 Kh7 33. Be1 Re5 34. Bc3 Rb5 35. Qc2 h5 36. Rg3 Rg5 37. Bd2 Rc5 38. Qd1 a5 39. Bc3 Qe6 40. a3 Rb5 41. gxh5 Rxh5 42. Qg4 f5 43. Rxf5 Rxf5 44. exf5 gxf5 45. Qh4+ Bh6 46. Qd4 Qe2+ 47. Qf2 f4 48. Rf3 Qd1 49. Qd4 Rg7+ 50. Kf2 Qc2+ 0-1

[Event "SVK-chT1W 0910"]
[Site "Slovakia"]
[Date "2009.10.17"]
[Round "1.1"]
[White "Valent, Ivan"]
[Black "Nicolini, Alexander"]
[Result "0-1"]
[WhiteElo "2245"]
[BlackElo "2165"]
[PlyCount "75"]
[EventDate "2009.10.17"]
[EventType "team"]
[EventRounds "11"]
[EventCountry "SVK"]
[SourceTitle "EXT 2011"]
[Source "ChessBase"]
[SourceDate "2010.11.26"]
[SourceVersion "1"]
[SourceVersionDate "2010.11.26"]
[SourceQuality "1"]
[WhiteTeam "Bratislava Slovan III"]
[BlackTeam "Trnava Lokomotiva"]
[WhiteTeamCountry "SVK"]
[BlackTeamCountry "SVK"]

1. e4 e5 2. Nf3 Nc6 3. Bc4 Be7 4. d4 d6 5. d5 Nb8 6. Bd3 Nf6 7. c4 Nbd7 8. b4 a5 9. bxa5 Nc5 10. Nc3 Rxa5 11. Bc2 0-0 12. 0-0 h6 13. Bd2 Ra6 14. a4 Bg4 15. h3 Bh5 16. Qe2 Nfd7 17. g4 Bg6 18. Ra3 Bg5 19. Nxg5 hxg5 20. Kg2 f6 21. Nb5 Kf7 22. a5 Ke7 23. h4 gxh4 24. Rh1 c6 25. dxc6 bxc6 26. Nxd6 Kxd6 27. Rd1 Kc7 28. Be3 Qe7 29. f3 Rb8 30. Ra2 Be8 31. Qf2 g5 32. Bb1 Ne6 33. c5 Ndxc5 34. Rc1 Nb3 35. Bb6+ Kc8 36. Rc3 Nbd4 37. Qf1 Raa8 38. Kh1 0-1